Penzión so športovým klubom
Na minha lista:
| Autor principal: | |
|---|---|
| Outros Autores: | |
| Formato: | Manuscrito Livro |
| Idioma: | eslovaco |
| Publicado em: |
Bratislava
2022
|
| Assuntos: | |
| Acesso em linha: | http://is.stuba.sk/zp/portal_zp.pl?podrobnosti=139078 |
| Tags: |
Sem tags, seja o primeiro a adicionar uma tag!
|
MARC
| LEADER | 00000ntm a22000003a 4500 | ||
|---|---|---|---|
| 001 | stuzp89860 | ||
| 003 | SK-STU | ||
| 005 | 20221026125902.3 | ||
| 007 | ta | ||
| 008 | 150427s2015----xo-----f-mn---000-0-slo-d | ||
| 040 | |a STU |b slo | ||
| 041 | 0 | |a slo | |
| 100 | 1 | |a Ščepková, Vanessa |u 051110 |4 aut |U FAD Fakulta architektúry a dizajnu |T FAD Ústav architektúry obytných budov |X 88130 |U A1110 |Y 392 |7 88130 | |
| 242 | 0 | 1 | |a Sports club with hostel |y eng |
| 245 | 1 | 0 | |a Penzión so športovým klubom |
| 260 | |c 2022 |a Bratislava | ||
| 650 | 4 | |a Športový klub |2 slo | |
| 650 | 4 | |a Penzión |2 slo | |
| 650 | 4 | |a Jarovce |2 slo | |
| 650 | 4 | |a Futbal |2 slo | |
| 650 | 4 | |a Boarding house |2 eng | |
| 650 | 4 | |a Hostel |2 eng | |
| 650 | 4 | |a Jarovce |2 eng | |
| 650 | 4 | |a Football |2 eng | |
| 650 | 4 | |a Sports club |2 eng | |
| 700 | 1 | |a Bacová, Andrea |u 051110 |k Z1 |4 ths |U FAD Fakulta architektúry a dizajnu |T FAD Ústav architektúry obytných budov |X 354 |U A1110 |Y 392 |7 A000000354 | |
| 856 | 4 | |u http://is.stuba.sk/zp/portal_zp.pl?podrobnosti=139078 |u https://opac.crzp.sk/?fn=detailBiblioForm&sid=62A48EA6D8C294D55BC8B2542714 | |